| 000 | 01445nam a2200457 a 4500 | ||
|---|---|---|---|
| 001 | 23004 | ||
| 003 | SK-KTurca | ||
| 005 | 20260513141210.0 | ||
| 008 | 240226sm y0 xo ab r slo | ||
| 015 | _aSNBA2003/09-03410 | ||
| 020 | _a8006010749 | ||
| 035 | _aSNK000380620 | ||
| 035 | _aurn:nbn:sk:snk-am3h47n | ||
| 035 | _aurn:nbn:sk:snk-am00cmic | ||
| 035 | _a0D8DB4BB-6141-46CA-9905-BE6ECBB51C62 | ||
| 040 |
_aSNK _bslo _cSNK _eAACR2 |
||
| 041 | 0 | _aslo | |
| 043 | _ae------ | ||
| 044 |
_axo _cSK |
||
| 072 | 7 |
_a94(4) _xDejiny Európy _2konspekt |
|
| 080 |
_a94(4) _22. slo |
||
| 080 |
_a94(4) _21981 |
||
| 080 |
_a(048.8) _21981 |
||
| 245 | 0 |
_aDejiny Európy _c[napísal kolektív európskych historikov] Frédéric Delouche ... [et al.] ; [preklad: Elena Flašková ... [et al.]] |
|
| 250 | _a3. dopl. vyd. | ||
| 260 |
_aBratislava _bMladé letá _c2001 |
||
| 300 |
_a429 s. _bfareb. fotogr., ilustr., mp. _c29 cm |
||
| 500 | _aÚdaj o prekl. prevzatý z rubu tit. strany | ||
| 504 | _aReg. | ||
| 651 | 7 |
_aEurópa _xdejiny _2SNK |
|
| 651 | 7 |
_aEurópa _2SNK |
|
| 655 | 7 |
_apríručky _2SNK |
|
| 655 | 7 | _aprehľady | |
| 700 | 1 |
_aDelouche, Frédéric _4aut |
|
| 700 | 1 |
_aFlašková, Elena, _d1952- _4trl |
|
| 700 | 1 |
_aInstitorisová, Mária _4trl |
|
| 700 | 1 |
_aKostolanský, Felix, _d1928-2007 _4trl |
|
| 700 | 1 |
_aMrlianová, Zuzana _4trl |
|
| 942 |
_2ddc _cOLDO _n0 |
||
| 999 |
_c23004 _d23004 |
||